[Event "Montreal inv"]
[Site "Montreal CAN"]
[Date "1980.01.19"]
[Round "8"]
[White "Day, Lawrence"]
[Black "Hebert, Jean"]
[Result "0-1"]
[WhiteElo "2423"]
[BlackElo "2262"]
[PlyCount "92"]
[GameId "2160767912912310"]
[EventDate "1980.01.12"]
[EventType "tourn"]
[EventRounds "9"]
[EventCountry "CAN"]
[SourceTitle "EXT 97"]
[Source "ChessBase"]
[SourceDate "1997.11.17"]
[SourceVersion "1"]
[SourceVersionDate "1997.11.17"]
[SourceQuality "1"]

1. Nf3 g6 2. d4 Bg7 3. c4 d6 4. Nc3 Nf6 5. g3 O-O 6. Bg2 Nc6 7. O-O a6 8. b3 Rb8 9. Bb2 b5 10. cxb5 axb5 11. Rc1 Bd7 12. Ne1 b4 13. Nb1 Rb6 14. Nd3 Na5 15. Re1 c6 16. Qd2 Qb8 17. Rc2 Rd8 18. e4 Bc8 19. h3 Ba6 20. Qe3 Nd7 21. Bf1 e5 22. Rd1 exd4 23. Bxd4 Bxd4 24. Qxd4 c5 25. Qe3 Bxd3 26. Bxd3 Nc6 27. f4 Re8 28. Rf2 Nd4 29. Qc1 Qa8 30. Re1 Rbb8 31. Re3 f5 32. Bc4+ Kg7 33. Bd5 Qa7 34. exf5 Nf6 35. Bg2 Rxe3 36. Qxe3 Re8 37. Qd3 gxf5 38. Kh2 Ne4 39. Bxe4 fxe4 40. Qe3 Nf5 41. Qe2 e3 42. Rf1 Nd4 43. Qg4+ Kh8 44. Qh5 Qxa2+ 45. Kh1 Qa8+ 46. Kh2 e2 0-1

[Event "Montreal inv"]
[Site "Montreal CAN"]
[Date "1980.01.20"]
[Round "9"]
[White "Hebert, Jean"]
[Black "Spraggett, Kevin"]
[Result "1/2-1/2"]
[WhiteElo "2262"]
[BlackElo "2389"]
[PlyCount "36"]
[GameId "2160767912912315"]
[EventDate "1980.01.12"]
[EventType "tourn"]
[EventRounds "9"]
[EventCountry "CAN"]

1. Nf3 Nf6 2. g3 b6 3. Bg2 Bb7 4. O-O e6 5. c4 c5 6. d4 cxd4 7. Nxd4 Bxg2 8. Kxg2 Qc8 9. b3 Qb7+ 10. f3 a6 11. Nc3 Be7 12. e4 d6 13. Be3 O-O 14. Qe2 Nbd7 15. Rac1 Rfe8 16. Bf2 Rac8 17. Rfd1 Bf8 18. h3 g6 1/2-1/2

[Event "Match Hebert-Ivanov"]
[Site "Montreal CAN"]
[Date "1980.11.09"]
[Round "1"]
[White "Ivanov, Igor V"]
[Black "Hebert, Jean"]
[Result "1/2-1/2"]
[WhiteElo "2474"]
[BlackElo "2440"]
[PlyCount "100"]
[GameId "2160767912912382"]
[EventDate "1980.??.??"]
[EventType "match"]
[EventRounds "4"]
[EventCountry "CAN"]
[SourceTitle "Spechecs #4"]

1. d4 g6 2. c4 Bg7 3. e4 d6 4. Nc3 Nf6 5. Be2 O-O 6. Bg5 c5 7. d5 e6 8. Nf3 h6 9. Bf4 e5 10. Bd2 Nbd7 11. Qc1 Kh7 12. h4 Nh5 13. g3 Ndf6 14. Nh2 Qe7 15. Qc2 Bd7 16. a4 a6 17. a5 Rfb8 18. Na4 Bxa4 19. Rxa4 b5 20. axb6 Rxb6 21. Ba5 Rb7 22. O-O Bf8 23. Rfa1 Ng7 24. Bc3 Rb6 25. Nf1 Nd7 26. Bg4 h5 27. Bh3 Nf6 28. Ne3 Nge8 29. Qd3 Bh6 30. Nc2 Nd7 31. Qf3 Nef6 32. Ra5 Kg7 33. Ne1 Qe8 34. Nd3 Qb8 35. Qe2 Kg8 36. f4 exf4 37. gxf4 Qe8 38. Re1 Qe7 39. e5 dxe5 40. fxe5 Re8 41. exf6 Qxe2 42. Rxe2 Rxe2 43. Bxd7 Bd2 44. Kf1 Bxc3 45. Kxe2 Bxa5 46. Nxc5 Rxb2+ 47. Kd3 Rd2+ 48. Ke3 Rc2 49. Kd3 Rd2+ 50. Ke3 Rc2 1/2-1/2

[Event "Match Hebert-Ivanov"]
[Site "Montreal CAN"]
[Date "1980.11.10"]
[Round "2"]
[White "Hebert, Jean"]
[Black "Ivanov, Igor V"]
[Result "1-0"]
[WhiteElo "2440"]
[BlackElo "2474"]
[PlyCount "69"]
[GameId "2160767912912383"]
[EventDate "1980.??.??"]
[EventType "match"]
[EventRounds "4"]
[EventCountry "CAN"]

1. e4 c5 2. f4 Nc6 3. Nf3 g6 4. Bb5 Bg7 5. O-O Qb6 6. a4 Nd4 7. Bc4 e6 8. Nxd4 cxd4 9. f5 Nf6 10. d3 exf5 11. exf5 d5 12. a5 Qc6 13. Bb3 O-O 14. Ba4 b5 15. axb6 Qxb6 16. g4 gxf5 17. gxf5 Kh8 18. Kh1 Rg8 19. Qf3 Ne4 20. Bb3 Bb7 21. Nd2 Rae8 22. Qh3 Bh6 23. Nf3 Be3 24. dxe4 dxe4 25. Bxe3 dxe3 26. Nh4 e2 27. Qc3+ Rg7 28. Rg1 e3+ 29. Ng2 Rc8 30. Qe5 Qc6 31. Bxf7 Rf8 32. Be6 Qxc2 33. Bd5 Bxd5 34. Qxd5 Qd2 35. Qe5 1-0

[Event "Match Hebert-Ivanov"]
[Site "Montreal CAN"]
[Date "1980.11.11"]
[Round "3"]
[White "Ivanov, Igor V"]
[Black "Hebert, Jean"]
[Result "1/2-1/2"]
[WhiteElo "2474"]
[BlackElo "2440"]
[PlyCount "126"]
[GameId "2160767912912384"]
[EventDate "1980.??.??"]
[EventType "match"]
[EventRounds "4"]
[EventCountry "CAN"]
[SourceTitle "Spechecs #4"]

1. d4 f5 2. Nf3 Nf6 3. g3 g6 4. c4 Bg7 5. Nc3 d6 6. Bg2 O-O 7. O-O c6 8. d5 Qb6 9. Rb1 Qc5 10. b3 cxd5 11. Be3 Qa5 12. b4 Qd8 13. cxd5 Nbd7 14. Bd4 Nh5 15. Bxg7 Nxg7 16. Qd4 Qb6 17. Rfc1 Ne5 18. Qh4 Ng4 19. e3 h6 20. Qxe7 Re8 21. Qh4 g5 22. Nxg5 hxg5 23. Qxg5 Bd7 24. a4 Rac8 25. a5 Qd8 26. Qxd8 Rexd8 27. Bf1 Ne5 28. Kg2 Nc4 29. Bd3 Ne8 30. Ne2 Ne5 31. Bc2 Rc4 32. Bd1 Rdc8 33. Rxc4 Rxc4 34. Nd4 Kg7 35. h3 Rc3 36. b5 Rc5 37. Be2 Nf6 38. Nc6 Nxd5 39. Nxa7 Nc3 40. Rb2 Nxe2 41. Rxe2 Bxb5 42. Nxb5 Rxb5 43. Ra2 Nc4 44. a6 bxa6 45. Rxa6 Rb2 46. Kg1 Kf6 47. Ra8 Nd2 48. Rf8+ Kg6 49. Rd8 Nc4 50. g4 fxg4 51. Rg8+ Kf5 52. Rf8+ Kg5 53. Rg8+ Kf5 54. Rf8+ Ke6 55. hxg4 Ne5 56. g5 Ke7 57. Rf5 Rb4 58. Kf1 Rg4 59. f4 Ng6 60. Rf6 Nh4 61. Ke2 Rg2+ 62. Kd3 Nf3 63. Ke4 Nxg5+ 1/2-1/2

[Event "Match Hebert-Ivanov"]
[Site "Montreal CAN"]
[Date "1980.11.12"]
[Round "4"]
[White "Hebert, Jean"]
[Black "Ivanov, Igor V"]
[Result "1/2-1/2"]
[WhiteElo "2440"]
[BlackElo "2474"]
[PlyCount "102"]
[GameId "2160767912912385"]
[EventDate "1980.??.??"]
[EventType "match"]
[EventRounds "4"]
[EventCountry "CAN"]
[SourceTitle "Spechecs #4"]

1. e4 e5 2. Nf3 Nc6 3. d4 exd4 4. Nxd4 Qh4 5. Nb5 Bb4+ 6. Bd2 Qxe4+ 7. Be2 Kd8 8. O-O Nf6 9. Bf3 Qe5 10. Bxb4 Nxb4 11. N1c3 Re8 12. Qd2 a6 13. Rfe1 Qc5 14. Nd4 d6 15. Na4 Qa5 16. b3 Rxe1+ 17. Rxe1 c5 18. a3 cxd4 19. axb4 Qc7 20. Qxd4 Be6 21. Nc5 Ke7 22. Nxb7 Rb8 23. Na5 d5 24. Bxd5 Rd8 25. c4 Kf8 26. Qc5+ Qxc5 27. bxc5 Nxd5 28. cxd5 Rxd5 29. Rc1 Ke8 30. f3 Kd7 31. b4 Rd2 32. Re1 Bd5 33. h3 g5 34. Kf1 h5 35. Re2 Rd1+ 36. Kf2 h4 37. Ke3 f5 38. Rd2 f4+ 39. Ke2 Rxd2+ 40. Kxd2 g4 41. fxg4 Bxg2 42. Ke2 Bd5 43. Kf2 Ke6 44. Kg1 Ke5 45. Kf1 Ke6 46. Kf2 Ke5 47. c6 Kd6 48. g5 Be4 49. Kg1 Bf5 50. Kg2 Be4+ 51. Kf2 Kc7 1/2-1/2

[Event "Match Hebert-Spraggett- +1-1=2"]
[Site "Montreal CAN"]
[Date "1980.??.??"]
[Round "1"]
[White "Hebert, Jean"]
[Black "Spraggett, Kevin"]
[Result "1/2-1/2"]
[WhiteElo "2360"]
[BlackElo "2445"]
[PlyCount "94"]
[GameId "2160767912912386"]
[EventDate "1980.??.??"]
[EventType "match"]
[EventRounds "4"]
[EventCountry "CAN"]
[SourceTitle "EXT 2002"]
[Source "ChessBase"]
[SourceDate "2001.11.25"]
[SourceVersion "1"]
[SourceVersionDate "2001.11.25"]
[SourceQuality "1"]

1. Nf3 Nf6 2. g3 d5 3. Bg2 c6 4. O-O Bf5 5. b3 e6 6. Bb2 Be7 7. Nh4 Be4 8. f3 Bg6 9. Nxg6 hxg6 10. d4 c5 11. e3 Nc6 12. Nc3 Rc8 13. Ne2 cxd4 14. Nxd4 Qb6 15. Qd2 Bc5 16. Rfe1 Nxd4 17. Bxd4 Bxd4 18. exd4 O-O 19. c3 Rc7 20. Rac1 Rfc8 21. Rc2 Ne8 22. Bf1 Nd6 23. g4 Rc6 24. Kg2 Qd8 25. Rec1 Qf6 26. c4 dxc4 27. bxc4 Rd8 28. Qe3 Nc8 29. Rd2 Rc7 30. Rcd1 Rcd7 31. Be2 g5 32. d5 exd5 33. Rxd5 Rxd5 34. Rxd5 Rxd5 35. Qe8+ Kh7 36. cxd5 Nd6 37. Qe3 a6 38. Kg3 Kg8 39. a4 Kf8 40. Bd1 Qa1 41. Bc2 Qb2 42. Qxg5 Qxc2 43. Qd8+ Ne8 44. d6 Qe2 45. d7 Qe1+ 46. Kh3 Qf1+ 47. Kg3 Qe1+ 1/2-1/2

[Event "Match Hebert-Spraggett- +1-1=2"]
[Site "Montreal CAN"]
[Date "1980.??.??"]
[Round "2"]
[White "Spraggett, Kevin"]
[Black "Hebert, Jean"]
[Result "0-1"]
[WhiteElo "2445"]
[BlackElo "2360"]
[PlyCount "88"]
[GameId "2160767912912387"]
[EventDate "1980.??.??"]
[EventType "match"]
[EventRounds "4"]
[EventCountry "CAN"]
[SourceTitle "EXT 2002"]
[Source "ChessBase"]
[SourceDate "2001.11.25"]
[SourceVersion "1"]
[SourceVersionDate "2001.11.25"]
[SourceQuality "1"]

1. d4 Nf6 2. c4 c5 3. d5 e6 4. Nc3 exd5 5. cxd5 d6 6. Nf3 g6 7. Nd2 Nbd7 8. e4 Bg7 9. Be2 O-O 10. O-O Re8 11. a4 Ne5 12. Ra3 g5 13. Qc2 a6 14. b3 Qe7 15. Nc4 h6 16. Re1 Rb8 17. a5 Ng6 18. Bd2 Nd7 19. Bf1 Nde5 20. Na4 Nh4 21. b4 cxb4 22. Bxb4 Nxc4 23. Qxc4 Be5 24. Nb6 Ng6 25. Ra2 f5 26. Rc2 fxe4 27. Nxc8 Rbxc8 28. Qxc8 Rxc8 29. Rxc8+ Kf7 30. Rc4 Qf6 31. Rc7+ Kf8 32. Rxe4 Bd4 33. Rc8+ Kf7 34. Rc7+ Kf8 35. Be1 Bc5 36. Rxb7 Qf5 37. Rb8+ Kf7 38. Ree8 Qxd5 39. Bxa6 Qd1 40. Bc4+ d5 41. Bb3 Qd3 42. Rec8 Qe4 43. Rb7+ Be7 44. Bd2 Nf4 0-1

[Event "Match Hebert-Spraggett- +1-1=2"]
[Site "Montreal CAN"]
[Date "1980.??.??"]
[Round "3"]
[White "Hebert, Jean"]
[Black "Spraggett, Kevin"]
[Result "1/2-1/2"]
[WhiteElo "2360"]
[BlackElo "2445"]
[PlyCount "169"]
[GameId "2160767912912388"]
[EventDate "1980.??.??"]
[EventType "match"]
[EventRounds "4"]
[EventCountry "CAN"]
[SourceTitle "EXT 2002"]
[Source "ChessBase"]
[SourceDate "2001.11.25"]
[SourceVersion "1"]
[SourceVersionDate "2001.11.25"]
[SourceQuality "1"]

1. d4 Nf6 2. c4 e6 3. Nf3 c5 4. d5 exd5 5. cxd5 d6 6. Nc3 g6 7. e4 a6 8. Bg5 h6 9. Bh4 g5 10. Bg3 Nh5 11. Be2 Nxg3 12. hxg3 Bg7 13. Qc2 Nd7 14. O-O O-O 15. Rab1 Qe7 16. Rfe1 Ne5 17. Nxe5 Qxe5 18. a4 Bd7 19. a5 Rab8 20. Ra1 Rfe8 21. Ra3 Qe7 22. Bd1 b5 23. axb6 Rxb6 24. Rb3 Rb4 25. Rxb4 cxb4 26. Na2 Rc8 27. Qd2 a5 28. b3 Qe5 29. Be2 Qxe4 30. Bb5 Qg4 31. Ba6 Rd8 32. Qc2 Re8 33. Rf1 Bd4 34. Nc1 Bb6 35. Kh2 Qd4 36. Bc4 Kg7 37. f3 h5 38. Ne2 Qf6 39. Ng1 Qd4 40. Nh3 f6 41. Ng1 Qe3 42. Bd3 Rh8 43. Qc4 g4 44. Qe4 Qxe4 45. fxe4 Rc8 46. Ne2 Be3 47. Ra1 Rc5 48. Nf4 Kh6 49. Bc4 a4 50. Nd3 Rc7 51. Nxb4 axb3 52. Bxb3 Rb7 53. Ba4 Ra7 54. Nc6 Ra6 55. Re1 Rxa4 56. Rxe3 Be8 57. Nd8 Bg6 58. Nb7 Ra6 59. Kg1 Rb6 60. Nd8 Rb4 61. Nc6 Ra4 62. Ne7 Bxe4 63. Nc8 Ra1+ 64. Kh2 Bxd5 65. Nxd6 Kg6 66. Nf5 Ba8 67. Nh4+ Kf7 68. Re2 Rf1 69. Ra2 Be4 70. Ra5 f5 71. Ra7+ Kg8 72. Re7 Rf2 73. Re5 Kf7 74. Ra5 Rb2 75. Ra7+ Ke6 76. Rh7 Kd5 77. Rxh5 Kc4 78. Rh7 Kd3 79. Ra7 Ke3 80. Kg1 Rb1+ 81. Kh2 Rb2 82. Kg1 Rd2 83. Ra1 Kd4 84. Rf1 Bd3 85. Rf2 1/2-1/2

[Event "Match Hebert-Spraggett- +1-1=2"]
[Site "Montreal CAN"]
[Date "1980.??.??"]
[Round "4"]
[White "Spraggett, Kevin"]
[Black "Hebert, Jean"]
[Result "1-0"]
[WhiteElo "2445"]
[BlackElo "2360"]
[PlyCount "147"]
[GameId "2160767912912389"]
[EventDate "1980.??.??"]
[EventType "match"]
[EventRounds "4"]
[EventCountry "CAN"]
[SourceTitle "EXT 2002"]
[Source "ChessBase"]
[SourceDate "2001.11.25"]
[SourceVersion "1"]
[SourceVersionDate "2001.11.25"]
[SourceQuality "1"]

1. d4 g6 2. c4 Bg7 3. Nc3 d6 4. Nf3 Nf6 5. Bg5 h6 6. Bh4 O-O 7. e3 c6 8. Be2 Bg4 9. O-O g5 10. Bg3 Nh5 11. Nd2 Nxg3 12. hxg3 Bxe2 13. Qxe2 e6 14. Rab1 Nd7 15. Rfd1 Qe7 16. Nf3 f5 17. e4 f4 18. g4 e5 19. d5 c5 20. Rd2 Rac8 21. Nd1 Nf6 22. Nh2 Qd7 23. f3 Rf7 24. Nf2 Qa4 25. b3 Qa6 26. Rc2 Rfc7 27. Nf1 Nd7 28. Qe1 Bf6 29. a4 b6 30. a5 Rb7 31. axb6 Rxb6 32. Ra1 Qb7 33. Rca2 Ra8 34. Nd2 a6 35. Ra3 Kg7 36. R1a2 Rh8 37. Kf1 Nb8 38. Ke2 Qf7 39. Qh1 h5 40. gxh5 Rxh5 41. Qg1 Qb7 42. Kd3 Rh8 43. Kc2 Nd7 44. Qa1 Nb8 45. Ng4 Kg6 46. Qg1 Qh7 47. Ra1 Qd7 48. Qf2 Rh5 49. Ra4 Qb7 50. g3 Nd7 51. Qg2 Qc8 52. Rh1 Rxh1 53. Qxh1 Qh8 54. Qg2 Bd8 55. Ra1 Nf6 56. gxf4 exf4 57. Rh1 Nxg4 58. Qxg4 Qxh1 59. Qf5+ Kh6 60. Qe6+ Kh7 61. Qd7+ Kg6 62. Qxd8 Rb7 63. Qxd6+ Kh5 64. Qf6 Qg2 65. d6 Rh7 66. Qe7 Rxe7 67. dxe7 Kh4 68. e8=Q Kg3 69. Qe7 Kf2 70. Qxc5+ Ke1 71. Qd4 Ke2 72. c5 g4 73. fxg4 f3 74. Qd3+ 1-0

[Event "Montreal op"]
[Site "Montreal CAN"]
[Date "1978.??.??"]
[Round "?"]
[White "Hebert, Jean"]
[Black "Spraggett, Kevin"]
[Result "1-0"]
[WhiteElo "2255"]
[BlackElo "2450"]
[PlyCount "115"]
[GameId "2160767912913258"]
[EventDate "1978.09.02"]
[EventType "swiss"]
[EventRounds "6"]
[EventCountry "CAN"]
[SourceTitle "EXT 2002"]
[Source "ChessBase"]
[SourceDate "2001.11.25"]
[SourceVersion "1"]
[SourceVersionDate "2001.11.25"]
[SourceQuality "1"]

1. e4 c5 2. Nf3 d6 3. Bb5+ Nc6 4. O-O a6 5. Bxc6+ bxc6 6. c3 Nf6 7. e5 dxe5 8. Nxe5 Nd7 9. d4 Nxe5 10. dxe5 Qd5 11. Qa4 Bd7 12. Na3 Qxe5 13. Bf4 Qf5 14. Rad1 g5 15. Bg3 Bg7 16. Nc4 O-O 17. Nb6 Ra7 18. Nxd7 Rxd7 19. Rxd7 Qxd7 20. Qxa6 Qd5 21. a4 f5 22. f3 c4 23. a5 e5 24. Qb7 Rf7 25. Qb8+ Rf8 26. Qb6 Ra8 27. a6 Qb5 28. Qxb5 cxb5 29. Ra1 Kf7 30. a7 Ke6 31. Bf2 Kd5 32. Ra5 Kc6 33. Ra6+ Kd5 34. Kf1 Bf8 35. Ke2 Bc5 36. Bxc5 Kxc5 37. Kd2 f4 38. g4 Kd5 39. Ke2 Kc5 40. Ke1 Kd5 41. Kd2 Kc5 42. Re6 Rxa7 43. Rxe5+ Kb6 44. Rxg5 Rd7+ 45. Ke2 Re7+ 46. Kf2 Rd7 47. Re5 Rd2+ 48. Re2 Rd3 49. g5 Ka5 50. h4 Kb6 51. Kg2 Kc6 52. Rf2 Kd6 53. Kh3 Ke5 54. Kg4 Re3 55. h5 Re1 56. Rg2 Re3 57. g6 hxg6 58. hxg6 1-0

[Event "Montreal op"]
[Site "Montreal CAN"]
[Date "1978.??.??"]
[Round "?"]
[White "Hebert, Jean"]
[Black "Spraggett, Kevin"]
[Result "1/2-1/2"]
[WhiteElo "2255"]
[BlackElo "2450"]
[PlyCount "68"]
[GameId "2160767912913259"]
[EventDate "1978.09.02"]
[EventType "swiss"]
[EventRounds "6"]
[EventCountry "CAN"]
[SourceTitle "EXT 2002"]
[Source "ChessBase"]
[SourceDate "2001.11.25"]
[SourceVersion "1"]
[SourceVersionDate "2001.11.25"]
[SourceQuality "1"]

1. e4 c5 2. Nf3 d6 3. d4 cxd4 4. Qxd4 Nc6 5. Bb5 Bd7 6. Bxc6 Bxc6 7. Nc3 Nf6 8. Bg5 e6 9. O-O-O Be7 10. Kb1 h6 11. Bd2 O-O 12. h3 d5 13. exd5 exd5 14. Ne5 Qb6 15. Qxb6 axb6 16. Be3 b5 17. Ng4 Nxg4 18. hxg4 d4 19. Rxd4 Bf6 20. Rd3 Bxc3 21. Rxc3 Bxg2 22. Rg1 Bc6 23. Rd3 f6 24. Rd4 Rfe8 25. a3 Re6 26. Kc1 Rae8 27. Kd2 Re4 28. Rxe4 Rxe4 29. f3 Re8 30. Ke2 Kf7 31. Rd1 Ke6 32. Kf2 Rh8 33. Kg3 h5 34. Rh1 h4+ 1/2-1/2

[Event "Montreal op"]
[Site "Montreal CAN"]
[Date "1978.??.??"]
[Round "?"]
[White "Hebert, Jean"]
[Black "Zurowski, Henry"]
[Result "1-0"]
[WhiteElo "2255"]
[BlackElo "2245"]
[PlyCount "125"]
[GameId "2160767912913260"]
[EventDate "1978.09.02"]
[EventType "swiss"]
[EventRounds "6"]
[EventCountry "CAN"]
[SourceTitle "EXT 2002"]
[Source "ChessBase"]
[SourceDate "2001.11.25"]
[SourceVersion "1"]
[SourceVersionDate "2001.11.25"]
[SourceQuality "1"]

1. e4 c5 2. Nf3 g6 3. d4 cxd4 4. Nxd4 Nc6 5. c4 Bg7 6. Be3 Nf6 7. Nc3 d6 8. Be2 Bd7 9. O-O Nxd4 10. Bxd4 Bc6 11. Nd5 e5 12. Be3 Nxe4 13. Bf3 Nf6 14. Nxf6+ Qxf6 15. Bxc6+ bxc6 16. Qa4 Rc8 17. Qxa7 O-O 18. a4 e4 19. Rad1 Qe6 20. b3 Rb8 21. Bb6 d5 22. cxd5 cxd5 23. a5 Ra8 24. Qb7 d4 25. Rfe1 Qxb3 26. Qxe4 Qc3 27. Qd5 Rfe8 28. Rf1 Rec8 29. g3 Qc4 30. Qd6 Qc6 31. Qf4 Qd5 32. h4 Be5 33. Qg5 f6 34. Qg4 Rc4 35. Rd3 f5 36. Qe2 Qe4 37. Re1 Qxe2 38. Rxe2 Bf6 39. Ra2 Kf7 40. Kf1 Ra6 41. Ke2 Ke6 42. Rb3 Kd5 43. Kd3 Rc1 44. Rb5+ Kc6 45. Rb4 Kd5 46. Raa4 Rf1 47. Ke2 Rc1 48. Kd2 Rf1 49. Bxd4 Bxd4 50. Rxd4+ Kc5 51. Ke2 Rb1 52. Kf3 Rb2 53. Rac4+ Kb5 54. Rc7 Rxa5 55. Rxh7 Kc5 56. Rf4 Raa2 57. Kg2 Kd5 58. Rh6 Ra6 59. Rxf5+ gxf5 60. Rxa6 f4 61. g4 Ke4 62. Re6+ Kd5 63. Re8 1-0

[Event "CAN-ch"]
[Site "Toronto CAN"]
[Date "1978.08.05"]
[Round "1"]
[White "Hebert, Jean"]
[Black "Vranesic, Zvonko"]
[Result "1-0"]
[WhiteElo "2255"]
[BlackElo "2395"]
[PlyCount "75"]
[GameId "2160767912913294"]
[EventDate "1978.08.05"]
[EventType "tourn"]
[EventRounds "15"]
[EventCountry "CAN"]
[SourceTitle "MCD"]
[Source "ChessBase"]
[SourceVersion "1"]
[SourceQuality "1"]

1. e4 c5 2. Nf3 e6 3. c3 Nf6 4. e5 Nd5 5. d4 cxd4 6. cxd4 d6 7. a3 Be7 8. Bd3 Nc6 9. O-O b6 10. Be4 Bb7 11. Bxd5 exd5 12. Nc3 Na5 13. Re1 O-O 14. Ne2 Rc8 15. Nf4 Qd7 16. Qd3 Bc6 17. e6 fxe6 18. Nxe6 Rf6 19. Neg5 g6 20. Bd2 Nc4 21. Bc3 Rcf8 22. b3 Na5 23. Bxa5 bxa5 24. Rac1 Bb7 25. Re3 Rc8 26. Rce1 Bf8 27. h4 a4 28. b4 Bc6 29. Qd1 Qf5 30. Nxh7 Kxh7 31. Ng5+ Kg7 32. Rf3 Qd7 33. Rxf6 Kxf6 34. Re6+ Kg7 35. Qc2 Kg8 36. Rxg6+ Kh8 37. Qe2 Bg7 38. Qh5+ 1-0

[Event "CAN-ch"]
[Site "Toronto CAN"]
[Date "1978.08.08"]
[Round "4"]
[White "Hebert, Jean"]
[Black "Berry, Jonathan"]
[Result "1/2-1/2"]
[WhiteElo "2255"]
[BlackElo "2320"]
[PlyCount "49"]
[GameId "2160767912913317"]
[EventDate "1978.08.05"]
[EventType "tourn"]
[EventRounds "15"]
[EventCountry "CAN"]
[SourceTitle "MCD"]
[Source "ChessBase"]
[SourceVersion "1"]
[SourceQuality "1"]

1. e4 e5 2. Nf3 Nc6 3. Bb5 g6 4. d4 exd4 5. Bg5 Be7 6. Bxe7 Qxe7 7. O-O Nf6 8. e5 Nd5 9. c4 Nf4 10. Nbd2 O-O 11. Bxc6 bxc6 12. Re1 c5 13. Ne4 Kg7 14. Qd2 Ne6 15. Nf6 d6 16. Nd5 Qd8 17. exd6 Qxd6 18. Ne5 h5 19. f4 c6 20. Nc3 Nxf4 21. Qxf4 dxc3 22. bxc3 Qf6 23. Qe3 Bf5 24. Qxc5 Rae8 25. Qd4 1/2-1/2

[Event "CAN-ch"]
[Site "Toronto CAN"]
[Date "1978.08.09"]
[Round "5"]
[White "Day, Lawrence"]
[Black "Hebert, Jean"]
[Result "0-1"]
[WhiteElo "2350"]
[BlackElo "2255"]
[PlyCount "61"]
[GameId "2160767912913324"]
[EventDate "1978.08.05"]
[EventType "tourn"]
[EventRounds "15"]
[EventCountry "CAN"]
[SourceTitle "MCD"]
[Source "ChessBase"]
[SourceVersion "1"]
[SourceQuality "1"]

1. g3 g6 2. Bg2 Bg7 3. e4 e5 4. d3 d6 5. Nc3 Nc6 6. f4 exf4 7. Bxf4 Nge7 8. Qd2 Nd4 9. Nf3 Nxf3+ 10. Bxf3 Nc6 11. O-O h6 12. Bg2 Be6 13. Be3 Ne5 14. h3 Qd7 15. Kh2 c5 16. Rab1 Rc8 17. Nd5 Bxd5 18. exd5 h5 19. b4 b6 20. bxc5 bxc5 21. Bg5 O-O 22. Qa5 f5 23. Rfe1 h4 24. gxh4 f4 25. Be4 f3 26. Kg3 Nc4 27. dxc4 Be5+ 28. Kf2 Qxh3 29. Ke3 f2+ 30. Kd2 fxe1=Q+ 31. Rxe1 0-1

[Event "CAN-ch"]
[Site "Toronto CAN"]
[Date "1978.08.13"]
[Round "8"]
[White "Hebert, Jean"]
[Black "Nickoloff, Bryon"]
[Result "1/2-1/2"]
[WhiteElo "2255"]
[BlackElo "2280"]
[PlyCount "45"]
[GameId "2160767912913350"]
[EventDate "1978.08.05"]
[EventType "tourn"]
[EventRounds "15"]
[EventCountry "CAN"]
[SourceTitle "MCD"]
[Source "ChessBase"]
[SourceVersion "1"]
[SourceQuality "1"]

1. e4 e5 2. Nf3 Nc6 3. Bb5 a6 4. Ba4 Nf6 5. O-O Be7 6. Re1 b5 7. Bb3 d6 8. c3 O-O 9. d4 Bg4 10. Be3 exd4 11. cxd4 Na5 12. Bc2 Nc4 13. Bc1 c5 14. b3 Nb6 15. Bb2 Re8 16. Nbd2 cxd4 17. h3 Bxf3 18. Nxf3 Nfd7 19. Bxd4 Bf6 20. Bxf6 Qxf6 21. Qd2 Ne5 22. Nd4 d5 23. Rad1 1/2-1/2

[Event "CAN-ch"]
[Site "Toronto CAN"]
[Date "1978.08.14"]
[Round "9"]
[White "Lipnowski, Irwin"]
[Black "Hebert, Jean"]
[Result "0-1"]
[WhiteElo "2390"]
[BlackElo "2255"]
[PlyCount "76"]
[GameId "2160767912913362"]
[EventDate "1978.08.05"]
[EventType "tourn"]
[EventRounds "15"]
[EventCountry "CAN"]
[SourceTitle "MCD"]
[Source "ChessBase"]
[SourceVersion "1"]
[SourceQuality "1"]

1. g3 e5 2. Bg2 Nc6 3. c4 g6 4. Nc3 Bg7 5. Rb1 a5 6. a3 d6 7. b4 axb4 8. axb4 Nf6 9. b5 Ne7 10. Nf3 O-O 11. d3 h6 12. Nd2 Nd7 13. O-O f5 14. Nd5 Nxd5 15. cxd5 Nc5 16. Nc4 b6 17. f4 e4 18. dxe4 Nxe4 19. Bb2 Bxb2 20. Rxb2 Qf6 21. Bxe4 fxe4 22. Qb3 Bh3 23. Rd1 Rfe8 24. Ne3 g5 25. f5 Re5 26. g4 h5 27. gxh5 Rf8 28. Rbb1 Bxf5 29. Rf1 Qh6 30. Qc3 Bh3 31. Rxf8+ Qxf8 32. Qxc7 Re8 33. Ra1 Rc8 34. Qxb6 Qf6 35. Rd1 Rf8 36. Qd4 Qf2+ 37. Kh1 Bg2+ 38. Nxg2 Qxd4 0-1

[Event "CAN-ch"]
[Site "Toronto CAN"]
[Date "1978.08.15"]
[Round "10"]
[White "Hebert, Jean"]
[Black "Piasetski, Leon"]
[Result "0-1"]
[WhiteElo "2255"]
[BlackElo "2410"]
[PlyCount "116"]
[GameId "2160767912913367"]
[EventDate "1978.08.05"]
[EventType "tourn"]
[EventRounds "15"]
[EventCountry "CAN"]
[SourceTitle "MCD"]
[Source "ChessBase"]
[SourceVersion "1"]
[SourceQuality "1"]

1. e4 d6 2. d4 g6 3. Nc3 Bg7 4. Be3 a6 5. Qd2 b5 6. a4 b4 7. Nd5 a5 8. c3 Bb7 9. cxb4 e6 10. Nf4 Bxe4 11. bxa5 Ne7 12. h4 h6 13. Rc1 Nf5 14. b4 O-O 15. Bd3 Bxd3 16. Qxd3 Nd7 17. Nge2 Nxe3 18. fxe3 c5 19. dxc5 dxc5 20. O-O cxb4 21. Rfd1 Ne5 22. Qxd8 Rfxd8 23. Rxd8+ Rxd8 24. Nd4 Ra8 25. Nb3 Ng4 26. Rc4 Rd8 27. Rc1 Nxe3 28. a6 Bc3 29. Kf2 Ng4+ 30. Ke2 Ra8 31. Nc5 Ne5 32. Nfd3 Nc6 33. Rb1 Kg7 34. g4 Nb8 35. Nxb4 Bxb4 36. Rxb4 Nxa6 37. Nxa6 Rxa6 38. Kd3 Ra5 39. Kc4 Re5 40. Kc3 Re3+ 41. Kb2 Re5 42. Rc4 g5 43. h5 f5 44. Rc7+ Kf6 45. gxf5 exf5 46. Rh7 f4 47. Rxh6+ Kg7 48. Rg6+ Kf7 49. Rc6 Rf5 50. Rc7+ Kg8 51. a5 f3 52. a6 Rf8 53. a7 f2 54. Rc1 g4 55. Rf1 g3 56. Kc3 Rc8+ 57. Kd2 g2 58. Rc1 Rd8+ 0-1

[Event "CAN-ch"]
[Site "Toronto CAN"]
[Date "1978.08.16"]
[Round "11"]
[White "Coudari, Camille"]
[Black "Hebert, Jean"]
[Result "1-0"]
[WhiteElo "2285"]
[BlackElo "2255"]
[PlyCount "113"]
[GameId "2160767912913372"]
[EventDate "1978.08.05"]
[EventType "tourn"]
[EventRounds "15"]
[EventCountry "CAN"]
[SourceTitle "MCD"]
[Source "ChessBase"]
[SourceVersion "1"]
[SourceQuality "1"]

1. Nf3 c5 2. b3 Nc6 3. Bb2 d6 4. c4 Nf6 5. g3 e5 6. Bg2 g6 7. O-O Bg7 8. e3 O-O 9. d3 Nh5 10. Nc3 f5 11. Qd2 g5 12. Nd5 Be6 13. Ne1 f4 14. Qe2 Bf7 15. Nc2 e4 16. Bxg7 f3 17. Bxf3 exf3 18. Qxf3 Kxg7 19. Qg2 Bg6 20. e4 g4 21. h3 Qd7 22. hxg4 Qxg4 23. Nce3 Qe2 24. f4 Qxg2+ 25. Kxg2 Bf7 26. Nf5+ Kh8 27. Rh1 Rad8 28. g4 Ng7 29. Rh6 Nxf5 30. gxf5 Bxd5 31. cxd5 Nb4 32. Kf3 Rd7 33. Rg1 Nxd3 34. a3 b5 35. Ke3 c4 36. b4 a5 37. bxa5 Nc5 38. Rb1 c3 39. Rxb5 Re8 40. e5 c2 41. Kd2 Rc8 42. Kxc2 dxe5 43. Rc6 Rf8 44. fxe5 Rxf5 45. Rbxc5 Rxe5 46. Kc3 Rexd5 47. Rxd5 Rxd5 48. a6 Kg7 49. a7 Rd8 50. Rc7+ Kf6 51. Kb4 Ke6 52. Kc5 h5 53. Kc6 h4 54. Rh7 h3 55. Kc7 Rf8 56. Rxh3 Rf7+ 57. Kb6 1-0